00528nam a2200157Ia 450000100060000000300040000600500170001000800410002704000110006804100080007908200270008710000330011424501770014770000220032470000240034633473Ost20260507160513.0251113s9999||||xx |||||||||||||| ||eng|| cnitttr aeng aTK7874.654bW67 2006eb aRoermund, Arthur H. M. van. 0aAnalog Circuit Design :b High-Speed A-D Converters, Automotive Electronics and Ultra-Low Power Wireless /cRoermund, Arthur H. M. van., Casier, Herman., Steyaert, Michiel a Casier, Herman. a Steyaert, Michiel